| 000 | 00829nam a22002417a 4500 | ||
|---|---|---|---|
| 003 | UA-OsUOA | ||
| 001 | 127138 | ||
| 007 | ta | ||
| 008 | 20171120b un ||||| |||| 00| 0 ukr d | ||
| 090 |
_a82.09(477)(082) _bС88 |
||
| 942 | _cBK | ||
| 040 |
_aUA-OsUOA _bukr _cUA-OsUOA _dUA-OsUOA |
||
| 245 |
_aСтудії з україністики _bзбірник наукових праць: до 190-річчя з дня народження Тараса Шевченка _cупор.: О. Боярчук, С. Яковенко |
||
| 300 | _a334 с. | ||
| 955 | _a1 | ||
| 041 | _aukr | ||
| 080 | _a82.09(477)(082) | ||
| 020 | _a966-95452-3-8 | ||
| 260 |
_aК. _bІФКНУ ім. Т. Шевченка _c2004 |
||
| 250 | _nВип. 5 | ||
| 650 | 7 |
_a82 Література. Літературознавство _2UDC |
|
| 999 |
_c413120 _d413120 |
||